| 000 | 00908nas a2200301 4500 | ||
|---|---|---|---|
| 001 | BR0304134 | ||
| 003 | BR-BrBNA | ||
| 005 | 20231205104008.0 | ||
| 007 | ta | ||
| 008 | 230509b bl.|||p| |||| 00| 00por d | ||
| 040 |
_aBR-BrBNA _bpor _cBiblioteca Nacional de Agricultura |
||
| 041 | _a(Pt) | ||
| 072 | _aF01; P40 | ||
| 100 | 1 | _aStreck, L. | |
| 100 | 1 | _aSchneider, F.M. | |
| 100 | 1 | _aTazzo, I.F. | |
| 100 | 1 | _aBuriol, G.A. | |
| 100 | 1 | _aHeldwein, A.B. | |
| 100 | 1 | _aCarlet, F. | |
| 245 | 1 | _aTecnologia para diminuir as temperaturas elevadas no interior de estufas plásticas | |
| 650 | _aESTUFA PLÁSTICA | ||
| 650 | _aTEMPERATURA | ||
| 650 | _aCONTROLE TÉRMICO | ||
| 650 | _aSOMBREAMENTO | ||
| 773 | 0 |
_tRevista Brasileira de Agrometeorologia (Brazil) _xISSN 0104-1347 _g(Jul-Dec 2002), v. 10(2) p. 207-214 _wBR0304134 |
|
| 909 |
_a202311 _bLúcia _c55 _dLúcia Elande |
||
| 942 |
_2AGRIS _n0 _cANA |
||
| 999 |
_c175854 _d175854 |
||